000 00305nam a22001337a 4500
008 171025b xxu||||| |||| 00| 0 eng d
020 _a9780534091446
041 _aeng
080 _a311
100 _a55
101 _aSTA
245 _aDYNAMIC GRAPHICS FOR STATISTICS
_cMCGILL.M.E
942 _2udc
_cBK
999 _c35878
_d35878